000
00213nam a2200085Ia 4500
008
170620s9999 xx 000 0 und d
100
_a
MYNENI- S.R
245
0
_a
PRINCIPLES OF ECONOMICS
260
_b
ALLAHABAD LAW AGENCY HARYANA
260
_c
2016
999
_c
29807
_d
29807